LEADER 00981nam a2200277 i 4500 001 991000552949707536 005 20020503184821.0 008 000925s1999 uk eng 020 $a0201350629 035 $ab10094520-39ule_inst 035 $aLE02518126$9ExL 040 $aFac. Economia$bita 082 0 $a658.848 100 1 $aQuelch, John A$0286067 245 10$aGlobal marketing management /$cJohn A. Quelch, Christopher A. Bartlett 250 $a4. ed 260 $aReading :$bAddison-Wesley,$cc1999 300 $avii, 703 p. ;$c24 cm 650 4$aVendite all'estero$xOrganizzazione 700 1 $aBartlett, Christopher A 907 $a.b10094520$b19-02-19$c27-06-02 912 $a991000552949707536 945 $aLE025 ECO 658.8 QUE01.01$g1$i2025000071995$lle025$nCatalogato 2019$o-$pE0.00$q-$rl$s- $t0$u5$v0$w5$x0$y.i10110148$z27-06-02 996 $aGlobal marketing management$9196293 997 $aUNISALENTO 998 $ale025$b01-01-00$cm$da $e-$feng$guk $h0$i1